000 00950nam a2200265Ia 4500
003 OSt
005 20221005112344.0
006 a|||||r|||| 00| 0
007 ta
008 221004b |||||||| |||| 00| 0 pan d
020 _a9789352313174 (hbk)
_cINR 250.00
024 _a66855
037 _b1195, 20/02/2020, H.K. Prakashan
_cTextual
040 _aCRL
_cCRL
_bpan
041 _2pan
_apan
082 _aO111,3NRA,SA, 153Q9
100 _aਰਖ਼ੀਕ, ਖ਼ੈਗ਼ੀਆ, ਂਚ.
245 0 _aਸਕੀਨਾ
260 _aਸਮਾਣਾ
_bਸੰਗਮ ਪਬਲੀਕੇFਨਗ਼ ਭਾਰਤ
_c2019
300 _a223ਪ੍ਰ0
_ccm.
650 _a ਅੰਗ੍ਰੇਜੀ ਕਹਾਣੀ
650 _aਅੰਗ੍ਰੇਜੀ ਸਾਹਿਤ
942 _hO111,3NRA,SA, 153Q9
_cTEXL
_2cc
999 _c1024646
_d1024646